| 000 | 00457nam a2200121Ia 4500 | ||
|---|---|---|---|
| 008 | 171212s9999 xx 000 0 und d | ||
| 020 | _a9780833051523 | ||
| 100 | _aBodilly, Susan J.;Karam, Rita;Orr, Nate | ||
| 245 |
_cBodilly, Susan J.;Karam, Rita;Orr, Nate _aContinuing Challenges and Potential for Collaborative Approaches to Education Reform |
||
| 260 |
_bRAND Corporation _c2011 |
||
| 650 | _aEducation | ||
| 856 | _uwww.jstor.org/stable/10.7249/mg1051ff | ||
| 999 |
_c351893 _d351893 |
||